La escuela de la exégesis en Derecho Civil.

Uloženo v:
Podrobná bibliografie
Hlavní autor: Bonnecase, Julien (autor)
Další autoři: Cajica, José M. (traducción de la segunda edición francesa.), Vásquez, Nicolás (prólogo)
Médium: Kniha
Jazyk:španělština
Vydáno: Puebla, México: José M. Cajica, 1944..
México, D.F, México: Porrua Hnos. 1944.
Edice:Biblioteca Jurídico - Sociológica, XII.
Témata:
Tagy: Přidat tag
Žádné tagy, Buďte první, kdo vytvoří štítek k tomuto záznamu!

MARC

LEADER 00000nam a2200000 a 4500
001 UCS1417
003 CL-VaPUC
005 20220822114330.0
008 970509e19440000mx |||||||||||||||||spa|d
999 |c 259510  |d 259508 
040 |c Pontificia Universidad Católica de Valparaíso 
082 0 4 |a 346.44 BON 1944  |2 21 
100 0 |a Bonnecase, Julien  |e autor  |9 385858 
245 1 3 |a La escuela de la exégesis en Derecho Civil. 
260 |a Puebla, México:  |b José M. Cajica,  |c 1944.. 
260 |a México, D.F, México:  |b Porrua Hnos.   |c 1944. 
300 |a 283 páginas. 
490 0 |a Biblioteca Jurídico - Sociológica, XII. 
500 |a c.2 Donación Familia Prof. Alejandro Guzmán Brito.  
583 |a last modification  |c 20171116 02:37:07  |k Rodrigo Vera 
650 0 |a Derecho civil  |9 255013 
650 0 |a Interpretación   |9 258846 
650 0 |a Historia  |9 255047 
650 0 |a Teoría del derecho  |9 255982 
650 0 |a Filosofía del derecho   |9 255050 
700 |a Cajica, José M.  |e traducción de la segunda edición francesa.   |9 865779 
700 |a Vásquez, Nicolás  |e prólogo  |9 865780 
942 |c BK  |2 ddc  |n 0 
945 |d 19970509 00:00:00  |a lriquelm 
952 |0 0  |1 0  |4 0  |6 346_440000000000000_BON_1944_1944  |7 0  |8 X  |9 284291  |a BIBDER  |b BIBDER  |d 2019-11-19  |i 1840940  |o 346.44 BON 1944 1944  |p 1840940  |r 2023-01-25  |w 2019-11-19  |y BK_X  |k DER